000 00664nab a2200193 4500
001 244442
003 OSt
005 20230919134812.0
007 tu
008 200917s2020|||||||
040 _aDE-2950
_cDE-2950
245 0 0 _aWarum viele Hansaschüler jetzt am Stadion Unterricht haben/
_bBildung. Die Hansaschule hat Platzprobleme. Eigentlich sollten Mobilbauten Entlastung schaffen. Doch die Baufirma braucht noch Zeit/
_cPhilipp Stepputtis
264 _c2023
653 _aFrankfurt (Oder)
653 _aHansaschule
653 _aErsatzräume
773 0 _g34. Jahrgang (2023) Nr. 219 vom 19.09.2023, S. 16, mit Foto
_tMärkische Oderzeitung
942 _2z
_cA
999 _c372742
_d372742